Lightos pulyka lett a nyerő Tápén ötödik alkalommal rendeztek tarhonyafesztivált /

Elmentve itt :
Bibliográfiai részletek
Szerző: Kancsár Tímea
Dokumentumtípus: Cikk
Megjelent: 2008-08-11
Sorozat:Délmagyarország 98 No. 187
Kulcsszavak:Szeged, Eseménynaptár Szeged-Tápé 2008. 08., Gasztronómia tarhonyafesztivál Szeged-Tápé
Online Access:http://dmarchiv.bibl.u-szeged.hu/140498
LEADER 00594nab a2200157 i 4500
001 delm140498
005 20200107083559.0
008 200107s2008 hu o 0|| hun d
040 |a SZTE Délmagyarország Archívum  |b hun 
041 |a hun 
100 1 |a Kancsár Tímea 
245 1 0 |a Lightos pulyka lett a nyerő Tápén   |h [elektronikus dokumentum] :  |b ötödik alkalommal rendeztek tarhonyafesztivált /  |c  Kancsár Tímea 
260 |c 2008-08-11 
300 |a 6 
490 0 |a Délmagyarország  |v 98 No. 187 
695 |a Szeged, Eseménynaptár Szeged-Tápé 2008. 08., Gasztronómia tarhonyafesztivál Szeged-Tápé